00689nam a22001937a 450000500170000001000150001702000270003202000240005903500130008303700130009608200170010924501040012626000460023027000630027630000240033949000660036350000500042970000160047920130429160101.0 aENG-106938 a9780198080374c1100.00 a0198080379c1100.00 aEN-90471 bDBAD/PUB a301.07209542 aSociology at the University of Lucknow :cedited by T.N. Madanb the first half century (1921-1975) aNew Delhi bOxford University Pressc2013 aYMCA Library Building, 1 Jai Singh RoadbNew Delhie110001 axiv,396p.c24cm(Hb) aOxford in India readings in sociology and social anthropology aIncludes bibliographical references and index aMadan, T.N.